| 000 | 01237cam a2200385 4500 | ||
|---|---|---|---|
| 001 | 22528 | ||
| 003 | SK-KTurca | ||
| 005 | 20260331152344.0 | ||
| 008 | 200519s2018 xo gr 010 fdslo | ||
| 015 | _aSNBA2019/05 | ||
| 020 |
_a9788056903025 _q(viazané) |
||
| 035 | _aurn:nbn:sk:snk-am00dy8y | ||
| 035 | _aurn:nbn:sk:snk-am3i9ar | ||
| 035 | _aD0D9AFB8-DBC9-463B-83A1-5E054AA0DF8D | ||
| 040 |
_aPPPK _bslo _cPPPK _dSNK _erda |
||
| 041 | 0 | _aslo | |
| 044 |
_axo _cSK |
||
| 072 | 7 |
_a821.162.4-3 _xSlovenská próza _2konspekt |
|
| 080 |
_a821.162.4-31 _22011 |
||
| 080 |
_a(0:82-312.5) _22011 |
||
| 100 | 1 |
_aDarsane, Viktória, _d1976- _4aut |
|
| 245 | 1 | 0 |
_aDiablova hra na lásku _bpríbeh o novodobom kupliarstve s láskou _cViktória Darsane |
| 250 | _a1. vydanie | ||
| 264 | 1 |
_aBratislava _bMarenčin PT _c2018 |
|
| 300 |
_a157 strán _c21 cm |
||
| 336 |
_atext _btxt _2rdacontent |
||
| 337 |
_abez média _bn _2rdamedia |
||
| 338 |
_azväzok _bnc _2rdacarrier |
||
| 500 | _aObsahuje biografické údaje o autorke na prebale publikácie | ||
| 655 | 7 |
_aslovenské romány _2SNKPH |
|
| 655 | 7 |
_aSlovak fiction _2SNKPHeng |
|
| 655 | 7 |
_aľúbostné romány _2SNKPH |
|
| 655 | 7 |
_aLove novels _2SNKPHeng |
|
| 942 |
_2ddc _cKLDO _n0 |
||
| 999 |
_c22528 _d22528 |
||